| 000 | 00664nam a2200205Ia 4500 | ||
|---|---|---|---|
| 003 | OSt | ||
| 005 | 20251024123457.0 | ||
| 008 | 221004b |||||||| |||| 00| 0 mar d | ||
| 037 | _cTB | ||
| 040 |
_aAL _cAL _bmar |
||
| 041 |
_2mar _amar |
||
| 084 |
_aY5927 155N3 _bAL |
||
| 245 | 0 | _aदलित आत्मकथा | |
| 260 |
_c1993. _aपुणे, भारत: _bसुरेश ऐजंसी, |
||
| 300 | _a222p. | ||
| 650 |
_aSOCIOLOGY _9849447 |
||
| 700 |
_a Paantavane Gagadhar Ed. _9628453 |
||
| 942 |
_hY5927 155N3 _cTB _2cc _n0 |
||
| 999 |
_c1036726 _d1036726 |
||